[Event "St Petersburg-ch Seniors"]
[Site "St Petersburg"]
[Date "2022.09.30"]
[Round "7"]
[White "Kozlov, Oleg"]
[Black "Osmolny, Vladimir I"]
[Result "1-0"]
[WhiteElo "2279"]
[BlackElo "2092"]
[PlyCount "73"]
[EventDate "2022.09.24"]
[EventType "swiss"]
[EventRounds "9"]
[EventCountry "RUS"]
[SourceTitle "CBM 210 Extra"]
[Source "ChessBase"]
[SourceDate "2022.11.30"]
[SourceVersion "1"]
[SourceVersionDate "2022.11.30"]
[SourceQuality "1"]

1. d4 d5 2. c4 e6 3. Nf3 Nf6 4. g3 Be7 5. Bg2 0-0 6. Qc2 b6 7. cxd5 exd5 8. 0-0 Na6 9. Bf4 Bb7 10. Nc3 Re8 11. Rad1 h6 12. Ne5 c6 13. Qa4 Qc8 14. Rfe1 Bb4 15. Rc1 Qe6 16. a3 Bxc3 17. Rxc3 c5 18. Be3 Ne4 19. Rcc1 f6 20. Nd3 Rac8 21. dxc5 Nexc5 22. Nxc5 bxc5 23. b4 c4 24. Red1 Red8 25. Qa5 Nc7 26. Qxa7 Qc6 27. a4 Ra8 28. Qb6 Rxa4 29. Qxc6 Bxc6 30. Rxc4 Ra6 31. Rcc1 Kf7 32. Rd2 Ke6 33. Rdc2 d4 34. Rxc6+ Rxc6 35. Rxc6+ Kd7 36. Bxd4 Rb8 37. Rc4 1-0

[Event "St Petersburg-ch Seniors"]
[Site "St Petersburg"]
[Date "2022.09.26"]
[Round "3"]
[White "Osmolny, Vladimir I"]
[Black "Lisenko, Alexander V"]
[Result "1/2-1/2"]
[WhiteElo "2092"]
[BlackElo "2307"]
[PlyCount "105"]
[EventDate "2022.09.24"]
[EventType "swiss"]
[EventRounds "9"]
[EventCountry "RUS"]
[SourceTitle "CBM 210 Extra"]
[Source "ChessBase"]
[SourceDate "2022.11.30"]
[SourceVersion "1"]
[SourceVersionDate "2022.11.30"]
[SourceQuality "1"]

1. c4 c5 2. Nc3 Nf6 3. Nf3 e6 4. e3 d5 5. d4 cxd4 6. exd4 dxc4 7. Bxc4 Be7 8. 0-0 Nc6 9. Bf4 0-0 10. a3 b6 11. Qd3 Bb7 12. Rfd1 Rc8 13. Ba2 g6 14. Rac1 Qd7 15. h3 Rfd8 16. b4 Qe8 17. Qe3 Rd7 18. Rd3 Bf8 19. Rcd1 Bg7 20. d5 exd5 21. Qxe8+ Rxe8 22. Nxd5 Nxd5 23. Bxd5 Ne5 24. Bxe5 Bxe5 25. Bxb7 Rxb7 26. Rd8 Rbe7 27. Rxe8+ Rxe8 28. Rd7 a5 29. Rb7 axb4 30. axb4 Rb8 31. Rd7 Bf6 32. Kf1 Rd8 33. Rxd8+ Bxd8 34. Nd2 Kf8 35. Ke2 Ke7 36. Kd3 Kd6 37. Kc4 Kc6 38. b5+ Kd6 39. Ne4+ Ke5 40. Nd2 Be7 41. Nf3+ Ke4 42. Nd2+ Ke5 43. Nf3+ Kd6 44. Ne1 f5 45. g3 Ke6 46. Nd3 g5 47. f3 h6 48. g4 fxg4 49. hxg4 Bf6 50. Nb4 Ke5 51. Nd3+ Ke6 52. Nb4 Be7 53. Nd3 1/2-1/2

[Event "St Petersburg-ch Seniors"]
[Site "St Petersburg"]
[Date "2022.09.25"]
[Round "2"]
[White "Balashov, Yuri S"]
[Black "Osmolny, Vladimir I"]
[Result "1-0"]
[WhiteElo "2395"]
[BlackElo "2092"]
[PlyCount "75"]
[EventDate "2022.09.24"]
[EventType "swiss"]
[EventRounds "9"]
[EventCountry "RUS"]
[SourceTitle "CBM 210 Extra"]
[Source "ChessBase"]
[SourceDate "2022.11.30"]
[SourceVersion "1"]
[SourceVersionDate "2022.11.30"]
[SourceQuality "1"]

1. c4 e6 2. g3 d5 3. Bg2 Nf6 4. Nf3 d4 5. 0-0 c5 6. d3 Nc6 7. e3 Be7 8. exd4 cxd4 9. Re1 0-0 10. Na3 Nd7 11. Nc2 e5 12. b4 Nxb4 13. Nxe5 Nxc2 14. Qxc2 Bb4 15. Bd2 Bxd2 16. Qxd2 Nc5 17. Rab1 g6 18. Rb5 Ne6 19. Bxb7 Bxb7 20. Rxb7 Nc5 21. Rb5 Rc8 22. Qa5 Qxa5 23. Rxa5 a6 24. Ra3 Rfd8 25. Kf1 f6 26. Nf3 Kf7 27. Nd2 Re8 28. Rxe8 Rxe8 29. Nf3 Rd8 30. Ke2 Rd6 31. Ra5 Ne6 32. Nd2 g5 33. Kf3 h5 34. Nb3 Kg6 35. Rd5 Rb6 36. Nxd4 g4+ 37. Ke3 Ng5 38. c5 1-0

[Event "Chioggia op-A 12th"]
[Site "Chioggia"]
[Date "2017.10.08"]
[Round "4"]
[White "Osmolny, Vladimir I"]
[Black "Rumpf, Werner"]
[Result "1-0"]
[WhiteElo "2214"]
[BlackElo "2045"]
[PlyCount "29"]
[EventDate "2017.10.06"]
[EventType "swiss"]
[EventRounds "5"]
[EventCountry "ITA"]
[SourceTitle "EXT 2022"]
[Source "ChessBase"]
[SourceDate "2021.10.06"]
[SourceVersion "1"]
[SourceVersionDate "2021.10.06"]
[SourceQuality "1"]

1. Nf3 Nc6 2. d4 d5 3. g3 Bg4 4. Bg2 Nf6 5. Ne5 Bf5 6. Nxc6 bxc6 7. Nd2 Qd7 8. Nf3 Bh3 9. Ne5 Qe6 10. Bxh3 Qxh3 11. Qd3 e6 12. Qa6 Bb4+ 13. c3 0-0 14. cxb4 Qg2 15. Rf1 1-0

[Event "EU-ch Seniors 50 16th"]
[Site "Yerevan"]
[Date "2016.06.12"]
[Round "8"]
[White "Yuferev, Oleg"]
[Black "Osmolny, Vladimir I"]
[Result "1-0"]
[WhiteElo "2176"]
[BlackElo "2190"]
[PlyCount "43"]
[EventDate "2016.06.05"]
[EventType "swiss"]
[EventRounds "9"]
[EventCountry "ARM"]
[SourceTitle "CBM 172 Extra"]
[Source "ChessBase"]
[SourceDate "2016.06.21"]
[SourceVersion "1"]
[SourceVersionDate "2016.06.21"]
[SourceQuality "1"]

1. Nf3 d5 2. d4 Bf5 3. c4 e6 4. Nc3 Nf6 5. Bg5 Nc6 6. cxd5 exd5 7. Bxf6 gxf6 8. a3 Qd7 9. e3 Rg8 10. Rc1 Nd8 11. Nh4 c6 12. g3 Be7 13. Nxf5 Qxf5 14. h4 Qd7 15. Qh5 Rh8 16. Bh3 Ne6 17. 0-0 h6 18. e4 dxe4 19. d5 cxd5 20. Nxd5 Kf8 21. Rc7 Qxc7 22. Bxe6 1-0

[Event "EU-ch Seniors 50 16th"]
[Site "Yerevan"]
[Date "2016.06.10"]
[Round "6"]
[White "Akopov, Roman A"]
[Black "Osmolny, Vladimir I"]
[Result "1-0"]
[WhiteElo "2256"]
[BlackElo "2190"]
[PlyCount "129"]
[EventDate "2016.06.05"]
[EventType "swiss"]
[EventRounds "9"]
[EventCountry "ARM"]
[SourceTitle "CBM 172 Extra"]
[Source "ChessBase"]
[SourceDate "2016.06.21"]
[SourceVersion "1"]
[SourceVersionDate "2016.06.21"]
[SourceQuality "1"]

1. d4 d5 2. c4 Nc6 3. cxd5 Qxd5 4. e3 e5 5. Nc3 Bb4 6. Bd2 Bxc3 7. bxc3 Nf6 8. c4 Qd6 9. d5 Ne7 10. Qb1 Nd7 11. Bb4 Nc5 12. Nf3 Ng6 13. Qb2 b6 14. Nd2 a5 15. Ba3 f5 16. Nb3 Nf8 17. Nxc5 bxc5 18. Be2 Nd7 19. Bh5+ g6 20. Bd1 0-0 21. 0-0 f4 22. Bg4 Nb6 23. Be2 Bd7 24. Qc3 a4 25. Bc1 g5 26. exf4 gxf4 27. Bb2 Rae8 28. Bh5 Re7 29. Rfe1 Rf5 30. Bf3 Bc8 31. Re4 Rg5 32. h4 Rgg7 33. Rxe5 Rxe5 34. Qxe5 Qxe5 35. Bxe5 Re7 36. Bxf4 Nxc4 37. Rc1 Ba6 38. g3 a3 39. Bg5 Re5 40. Bf4 Re7 41. d6 Nxd6 42. Rxc5 Bd3 43. Rc3 Re1+ 44. Kh2 Bb1 45. Rxa3 Ne4 46. Re3 Rxe3 47. Bxe3 Nc3 48. a3 Ba2 49. Bd2 Nb5 50. a4 Nd4 51. Bb7 Bc4 52. a5 Nb3 53. Bc3 Nc5 54. Bc6 Kf7 55. Be5 Na6 56. Bb7 Nc5 57. Bc8 c6 58. Bd4 Na6 59. g4 Ke7 60. Bf5 c5 61. Be3 Kd6 62. Bxh7 Be2 63. Kg3 c4 64. h5 Nb4 65. h6 1-0

[Event "Savonlinna We SavSK"]
[Site "Savonlinna"]
[Date "2015.09.05"]
[Round "3"]
[White "Osmolny, Vladimir I"]
[Black "Sergeev, Alexey B"]
[Result "1-0"]
[WhiteElo "2188"]
[BlackElo "2018"]
[PlyCount "79"]
[EventDate "2015.09.05"]
[EventType "swiss"]
[EventRounds "5"]
[EventCountry "FIN"]
[SourceTitle "EXT 2022"]
[Source "ChessBase"]
[SourceDate "2021.10.06"]
[SourceVersion "1"]
[SourceVersionDate "2021.10.06"]
[SourceQuality "1"]

1. c4 c5 2. Nf3 Nf6 3. Nc3 e6 4. g3 b6 5. Bg2 Bb7 6. 0-0 Be7 7. Re1 0-0 8. e4 d6 9. h3 Nbd7 10. d3 Rc8 11. Qe2 Qc7 12. Bg5 a6 13. Nh2 Rfe8 14. Qd2 Nf8 15. Re2 Ng6 16. Rf1 Rcd8 17. Ng4 Nxg4 18. hxg4 Ne5 19. Bxe7 Rxe7 20. g5 Nc6 21. f4 Nd4 22. Ref2 b5 23. b3 Rde8 24. Ne2 d5 25. Nxd4 cxd4 26. cxd5 exd5 27. e5 Rd8 28. Rc1 Qb8 29. Qb4 Re6 30. Qxd4 h6 31. Bh3 Rg6 32. Bf5 Bc8 33. Bxg6 fxg6 34. gxh6 gxh6 35. Rc6 Bf5 36. g4 Qb7 37. Rf6 Bd7 38. Rxg6+ Kh7 39. f5 Qc7 40. Qe3 1-0

[Event "Lappeenranta We LprSK"]
[Site "Lappeenranta"]
[Date "2015.06.13"]
[Round "1"]
[White "Munukka, Timo"]
[Black "Osmolny, Vladimir I"]
[Result "0-1"]
[WhiteElo "1966"]
[BlackElo "2176"]
[PlyCount "68"]
[EventDate "2015.06.13"]
[EventType "swiss"]
[EventRounds "5"]
[EventCountry "FIN"]
[SourceTitle "EXT 2022"]
[Source "ChessBase"]
[SourceDate "2021.10.06"]
[SourceVersion "1"]
[SourceVersionDate "2021.10.06"]
[SourceQuality "1"]

1. d4 Nc6 2. c4 e5 3. e3 Bb4+ 4. Nc3 Nf6 5. a3 Bxc3+ 6. bxc3 d6 7. Bd3 0-0 8. h3 Re8 9. Ne2 e4 10. Bb1 Na5 11. Ba2 b6 12. d5 Ba6 13. Qa4 Qd7 14. Qb4 Qf5 15. Bb2 Nd7 16. Nd4 Qg5 17. 0-0 Nc5 18. Rad1 Nd3 19. Rxd3 exd3 20. Nb5 Re7 21. Qa4 Bc8 22. Kh1 Qh4 23. Kh2 g5 24. Nd4 g4 25. Qd1 Nb7 26. Qxd3 Nc5 27. Qc2 Ne4 28. f3 gxh3 29. fxe4 hxg2+ 30. Kxg2 Bh3+ 31. Kg1 Qg3+ 32. Kh1 Bxf1 33. Nf5 Qf3+ 34. Kg1 Rxe4 0-1

[Event "Jyvaskyla Winter Weekend A"]
[Site "Jyvaskyla"]
[Date "2015.01.25"]
[Round "4"]
[White "Osmolny, Vladimir I"]
[Black "Solozhenkina, Elizaveta"]
[Result "1/2-1/2"]
[WhiteElo "2165"]
[BlackElo "1736"]
[PlyCount "235"]
[EventDate "2015.01.23"]
[EventType "swiss"]
[EventRounds "5"]
[EventCountry "FIN"]
[SourceTitle "EXT 2022"]
[Source "ChessBase"]
[SourceDate "2021.10.06"]
[SourceVersion "1"]
[SourceVersionDate "2021.10.06"]
[SourceQuality "1"]

1. c4 c5 2. Nf3 Nc6 3. d4 cxd4 4. Nxd4 e6 5. Nc3 Bb4 6. Nxc6 bxc6 7. Qc2 Ne7 8. a3 Bxc3+ 9. Qxc3 0-0 10. b4 d5 11. Bb2 f6 12. f4 Nf5 13. e3 Nd6 14. Bd3 Ba6 15. c5 Bxd3 16. cxd6 Bc4 17. g4 Qxd6 18. g5 Qe7 19. gxf6 Qxf6 20. Rg1 Qxc3+ 21. Bxc3 g6 22. Kd2 Rf5 23. Rg4 Rc8 24. Bd4 Ra8 25. Bc3 Rc8 26. a4 Kf7 27. Rb1 a6 28. Be5 Ba2 29. Rb2 Bc4 30. Kc3 Ke8 31. Kd4 Rf7 32. h4 Rb7 33. Rgg2 Bf1 34. Rh2 h5 35. Bd6 Kd7 36. Bc5 Ke8 37. Rh1 Bc4 38. Rg1 Kf7 39. Rbg2 Rg8 40. e4 Rbb8 41. Kc3 a5 42. bxa5 Rb3+ 43. Kc2 Rf3 44. f5 exf5 45. exf5 Bd3+ 46. Kd1 Bxf5 47. Rb2 Rd3+ 48. Rd2 Rc3 49. Bd4 Ra3 50. a6 Rxa4 51. a7 Rc8 52. Bc5 Ra5 53. Bb6 Rb5 54. Bf2 Be6 55. Ra2 Ra8 56. Ra6 c5 57. Ke2 d4 58. Kd3 Rb7 59. Rga1 Kg7 60. Ke4 Bc4 61. R6a5 Re7+ 62. Kf3 Rc7 63. Bg3 Rc6 64. Bb8 Bd5+ 65. Kf4 Be6 66. Ke5 d3 67. R5a3 c4 68. Kd4 Rb6 69. Bf4 Rb7 70. Kc3 Kf6 71. Be3 Kf5 72. Rg1 Bf7 73. Bd4 Ke4 74. Re1+ Kf3 75. Rf1+ Ke4 76. Bg1 Rd7 77. Re1+ Kf3 78. Ra2 Kg4 79. Rg2+ Kf3 80. Rf2+ Kg4 81. Re4+ Kg3 82. Ra2 Rb7 83. Bh2+ Kf3 84. Rf4+ Ke3 85. Rxf7 Rxf7 86. Bg1+ Ke4 87. Kxc4 Rc7+ 88. Kb5 Rc2 89. Ra6 d2 90. Rd6 Kf3 91. Bb6 Ke2 92. Re6+ Kf1 93. Rd6 Ke2 94. Re6+ Kf3 95. Rd6 Ra2 96. Kc4 R8xa7 97. Bxa7 Rxa7 98. Kc3 Ra2 99. Kb3 d1Q+ 100. Rxd1 Rh2 101. Rd6 Rg2 102. Rf6+ Ke4 103. Kc3 Ke5 104. Ra6 Rg4 105. Ra5+ Kf4 106. Ra6 Kg3 107. Kd3 Kxh4 108. Ke3 Rb4 109. Rxg6 Rg4 110. Rh6 Rg5 111. Kf2 Kh3 112. Rf6 h4 113. Rf4 Rg3 114. Ra4 Rb3 115. Kg1 Kg3 116. Ra1 h3 117. Rc1 Rf3 118. Ra1 1/2-1/2

[Event "Karelia-ch"]
[Site "Petrozavodsk"]
[Date "2014.02.21"]
[Round "6"]
[White "Osmolny, Vladimir I"]
[Black "Talonpoika, Alexey A"]
[Result "1-0"]
[WhiteElo "2177"]
[BlackElo "1604"]
[PlyCount "47"]
[EventDate "2014.02.18"]
[EventType "swiss"]
[EventRounds "9"]
[EventCountry "RUS"]
[SourceTitle "EXT 2016"]
[Source "ChessBase"]
[SourceDate "2015.10.08"]
[SourceVersion "1"]
[SourceVersionDate "2015.10.08"]
[SourceQuality "1"]

1. c4 Nf6 2. Nc3 c5 3. g3 g6 4. Bg2 Bg7 5. d3 0-0 6. e4 d6 7. Nge2 Nc6 8. h3 Bd7 9. 0-0 h6 10. Be3 Rb8 11. f4 Qc8 12. Kh2 h5 13. Qd2 b5 14. Rf2 b4 15. Nd5 Nh7 16. f5 gxf5 17. Bh6 e6 18. exf5 f6 19. fxe6 Bxe6 20. Bxg7 Kxg7 21. Raf1 Bxd5 22. cxd5 Ne5 23. Nf4 Rf7 24. Nxh5+ 1-0

[Event "Karelia-ch"]
[Site "Petrozavodsk"]
[Date "2014.02.21"]
[Round "5"]
[White "Yakkimaienen, Vjaino"]
[Black "Osmolny, Vladimir I"]
[Result "1-0"]
[WhiteElo "2147"]
[BlackElo "2177"]
[PlyCount "137"]
[EventDate "2014.02.18"]
[EventType "swiss"]
[EventRounds "9"]
[EventCountry "RUS"]
[SourceTitle "EXT 2016"]
[Source "ChessBase"]
[SourceDate "2015.10.08"]
[SourceVersion "1"]
[SourceVersionDate "2015.10.08"]
[SourceQuality "1"]

1. c4 Nf6 2. Nf3 e6 3. g3 d5 4. Bg2 Be7 5. d4 0-0 6. 0-0 a6 7. Nbd2 b6 8. Qc2 Nbd7 9. cxd5 exd5 10. Ne5 c5 11. Nc6 Qe8 12. Nxe7+ Qxe7 13. dxc5 Nxc5 14. Nc4 Qa7 15. Nxb6 Qxb6 16. Be3 Bg4 17. Qxc5 Qxc5 18. Bxc5 Rfc8 19. Bd4 Bxe2 20. Rfe1 Rc2 21. Rac1 Rac8 22. Rxc2 Rxc2 23. Bxf6 gxf6 24. Bxd5 Rxb2 25. Kg2 Kg7 26. Rc1 Rd2 27. Rc5 Bb5 28. Bb3 Rd7 29. Kf3 Re7 30. Kf4 Ra7 31. Bd5 Re7 32. Be4 Bf1 33. h4 h6 34. a4 Kh8 35. f3 Be2 36. Rc1 Rd7 37. Rc6 Kg7 38. Ke3 f5 39. Bxf5 Re7+ 40. Kf4 Rb7 41. Ke3 Bf1 42. Kf2 Rb3 43. Be4 Bh3 44. Rxa6 Be6 45. g4 Ra3 46. a5 Kf6 47. Kg3 Ke5 48. Ra8 h5 49. g5 Bc4 50. Bb7 Ra1 51. a6 Rg1+ 52. Kh2 Ra1 53. Re8+ Kd6 54. Kg3 Ra2 55. Rd8+ Ke5 56. Re8+ Kd6 57. Rh8 Ke5 58. Rxh5 Bxa6 59. Bxa6 Rxa6 60. Rh6 Ra8 61. Rf6 Rf8 62. h5 Rh8 63. h6 Rh7 64. Kg4 Kd4 65. Rf4+ Ke5 66. Re4+ Kd6 67. Kf5 Kd7 68. Kf6 Kd8 69. Re7 1-0

[Event "Heart of Finland op 23rd"]
[Site "Jyvaskyla"]
[Date "2013.07.12"]
[Round "7"]
[White "Seppala, Aki"]
[Black "Osmolny, Vladimir I"]
[Result "0-1"]
[WhiteElo "2014"]
[BlackElo "2213"]
[PlyCount "64"]
[EventDate "2013.07.08"]
[EventType "swiss"]
[EventRounds "9"]
[EventCountry "FIN"]
[SourceTitle "EXT 2022"]
[Source "ChessBase"]
[SourceDate "2021.10.06"]
[SourceVersion "1"]
[SourceVersionDate "2021.10.06"]
[SourceQuality "1"]

1. e4 c5 2. c3 Nf6 3. e5 Nd5 4. d4 e6 5. c4 Ne7 6. Nc3 cxd4 7. Nb5 Ng6 8. f4 a6 9. Nxd4 d6 10. exd6 Bxd6 11. Nde2 Qc7 12. Qd4 0-0 13. Bd2 e5 14. Qc3 exf4 15. Nf3 Nc6 16. c5 Be7 17. h4 Bf6 18. Qc2 h5 19. 0-0-0 a5 20. a3 Nce7 21. Ned4 Bd7 22. Kb1 Rfc8 23. Rc1 b6 24. c6 Nxc6 25. Qe4 Nxd4 26. Nxd4 Qd6 27. Rxc8+ Rxc8 28. Bc3 Re8 29. Qd3 Bxd4 30. Bxd4 Re1+ 31. Kc2 Bg4 32. g3 Rd1 0-1

[Event "San Sebastian op 36th"]
[Site "San Sebastian"]
[Date "2013.03.26"]
[Round "5"]
[White "Guerra Bastida, Diego"]
[Black "Osmolny, Vladimir I"]
[Result "1/2-1/2"]
[WhiteElo "2401"]
[BlackElo "2180"]
[PlyCount "65"]
[EventDate "2013.03.23"]
[EventType "swiss"]
[EventRounds "9"]
[EventCountry "ESP"]
[SourceTitle "CBM 153 Extra"]
[Source "ChessBase"]
[SourceDate "2013.04.22"]
[SourceVersion "1"]
[SourceVersionDate "2013.04.22"]
[SourceQuality "1"]

1. e4 c5 2. Nf3 Nf6 3. e5 Nd5 4. c3 e6 5. g3 d6 6. exd6 Bxd6 7. Bg2 Nc6 8. 0-0 0-0 9. d4 cxd4 10. Nxd4 Bc5 11. Nb3 Bb6 12. Qe2 a5 13. a4 Re8 14. Na3 Bd7 15. Nb5 Qe7 16. Re1 Rac8 17. Nd2 f5 18. Nc4 Bc5 19. Qd3 Rcd8 20. Ne3 Nxe3 21. Bxe3 Bxe3 22. Qxe3 e5 23. Nc7 Rf8 24. Nd5 Qd6 25. Qb6 e4 26. Rad1 Bc8 27. c4 Kh8 28. Ne3 Qb4 29. Qb5 Qxb5 30. axb5 Ne5 31. Nd5 Nd3 32. Rxd3 exd3 33. Rd1 1/2-1/2

[Event "San Sebastian op 36th"]
[Site "San Sebastian"]
[Date "2013.03.25"]
[Round "4"]
[White "Osmolny, Vladimir I"]
[Black "Narciso Dublan, Marc"]
[Result "1-0"]
[WhiteElo "2180"]
[BlackElo "2551"]
[PlyCount "113"]
[EventDate "2013.03.23"]
[EventType "swiss"]
[EventRounds "9"]
[EventCountry "ESP"]
[SourceTitle "CBM 153 Extra"]
[Source "ChessBase"]
[SourceDate "2013.04.22"]
[SourceVersion "1"]
[SourceVersionDate "2013.04.22"]
[SourceQuality "1"]

1. d4 f5 2. Nc3 Nf6 3. Bg5 d5 4. Bxf6 exf6 5. e3 Be6 6. g3 Nd7 7. Nge2 c6 8. h4 h5 9. Bg2 Bd6 10. Bh3 g6 11. e4 dxe4 12. Nxe4 Bc7 13. N4c3 Nb6 14. Bg2 Qd7 15. b3 0-0-0 16. Qd3 Rhe8 17. 0-0-0 Bf7 18. Rd2 Qe7 19. Kb1 Rd7 20. Rhd1 Red8 21. f4 Re8 22. Qf3 Qb4 23. Ka1 a5 24. Nb1 Bd5 25. Qf2 Bxg2 26. Qxg2 a4 27. c3 Qa5 28. Kb2 Rde7 29. c4 Qb4 30. Kc2 Re3 31. Nc1 axb3+ 32. axb3 Qa5 33. Rd3 Rxd3 34. Rxd3 Re1 35. Qd2 Nd7 36. Nc3 Re8 37. Re3 Rd8 38. Qe2 Qa7 39. c5 b6 40. b4 Nb8 41. Re8 Na6 42. Nd3 bxc5 43. Qe6+ Kb7 44. Rxd8 Bxd8 45. Qd7+ Bc7 46. dxc5 Nb8 47. Qf7 Qa6 48. Nb2 Qf1 49. Nc4 Qg2+ 50. Kb3 Na6 51. Qxg6 Bxf4 52. Na5+ Ka7 53. Qe8 Bc7 54. Nxc6+ Kb7 55. Ne7 Qf3 56. Qc8+ Ka7 57. c6 1-0